जुग बीते, युग आयेः (Record no. 18807)

MARC details
000 -LEADER
fixed length control field 01343nam a22002777a 4500
005 - DATE AND TIME OF LATEST TRANSACTION
control field 20081120100015.0
008 - FIXED-LENGTH DATA ELEMENTS--GENERAL INFORMATION
fixed length control field 081120t xxu||||| |||| 00| e hin d
010 ## - LCCN (DPL NO)
LC control number HIN-85151
020 ## - INTERNATIONAL STANDARD BOOK NUMBER
Terms of availability 220.00
International Standard Book Number 8189914537
035 ## - SYSTEM CONTROL NUMBER
System control number HN-57497
037 ## - SOURCE OF ACQUISITION
Source of stock number/acquisition DBAD / PUB
040 ## - CATALOGING SOURCE
Original cataloging agency DPL
Language of cataloging HN
082 ## - DEWEY DECIMAL CLASSIFICATION NUMBER
Classification number 808.883
100 ## - MAIN ENTRY--PERSONAL NAME
Personal name पुष्पालाल सिंह
245 ## - TITLE STATEMENT
Title जुग बीते, युग आयेः
Statement of responsibility, etc पुष्पपाल सिंह
Remainder of title (कथा रिपोर्ताज) /
246 ## - VARYING FORM OF TITLE
Title proper/short title Juga biite, yug aaye
Remainder of title by Pushppal Singh
260 ## - PUBLICATION, DISTRIBUTION, ETC. (IMPRINT)
Place of publication, distribution, etc गाजियाबाद
Name of publisher, distributor, etc रेमाधव पब्लिकेशन्स
Date of publication, distribution, etc 2008
270 ## - ADDRESS
Address सी-22, तृतीय तल, आर.डी.सी., राजनगर
City गाजियाबाद
Postal code 201002 (उ.प्र.)
Electronic mail address contact@remadhav.com
300 ## - PHYSICAL DESCRIPTION
Extent 184पृ
Dimensions 22सेमी (सजिल्द)
650 ## - SUBJECT ADDED ENTRY--TOPICAL TERM
Topical term or geographic name as entry element स्मृति
650 ## - SUBJECT ADDED ENTRY--TOPICAL TERM
Topical term or geographic name as entry element Memory
650 ## - SUBJECT ADDED ENTRY--TOPICAL TERM
Topical term or geographic name as entry element स्मृति साहित्य में
650 ## - SUBJECT ADDED ENTRY--TOPICAL TERM
Topical term or geographic name as entry element Memory in literature
942 ## - ADDED ENTRY ELEMENTS (KOHA)
Source of classification or shelving scheme Dewey Decimal Classification
Item type Hindi Books
Call number suffix पुष्पपा
Classification part 808.883
Holdings
Withdrawn status Lost status Source of classification or shelving scheme Damaged status Not for loan Collection code Home library Current library Date acquired Source of acquisition Cost, normal purchase price Total Checkouts Full call number Barcode Date last seen Copy number Cost, replacement price Koha item type
    Dewey Decimal Classification   Not For Loan Non-fiction D.B.Act.Division D.B.Act.Division 20/11/2008 DBAD / PUB 220.00   808.883 पुष्पपा HN-57497 20/11/2008 1 220.00 Hindi Books

© Delhi Public Library
Hit Counter
free hit counter